Formel 2 Meister - Statistiken

Allgemein
  • Dieses Quiz wurde 19 mal gespielt
  • Das Durchschnittsergebnis liegt bei 10 aus 21
Antwortstatistiken
Jahr Fahrer % Korrekt
2017 Charles Leclerc
86%
2020 Mick Schumacher
79%
2006 Lewis Hamilton
71%
2009 Nico Hülkenberg
71%
2005 Nico Rosberg
71%
2024 Gabriel Bortoleto
64%
2018 George Russell
64%
2021 Oscar Piastri
64%
2025 Leonardo Fornaroli
50%
2016 Pierre Gasly
50%
2019 Nyck de Vries
43%
2010 Pastor Maldonado
43%
2011 Romain Grosjean
43%
2022 Felipe Drugovich
36%
2007 Timo Glock
29%
2008 Giorgio Pantano
21%
2015 Stoffel Vandoorne
21%
2012 Davide Valsecchi
14%
2013 Fabio Leimer
14%
2023 Théo Pourchaire
14%
2014 Jolyon Palmer
7%
Keine übereinstimmenden Quizze gefunden
Verteilung der Resultate
Anzahl Personen mit jedem Resultat
Perzentil nach korrekt beantworteten Fragen
Ihre Resultats-Entwicklung
Sie haben dieses Quiz noch nicht gespielt